Исследование потенциала сеточного электрода в электроднойсистеме электронного источника с плазменным катодом; Плазменная эмиссионная электроника, ПЭЭ 2015

Podrobná bibliografie
Parent link:Плазменная эмиссионная электроника, ПЭЭ 2015.— 2015.— [С. 30-36]
Hlavní autor: Нгуен Бао Хынг
Korporativní autor: Национальный исследовательский Томский политехнический университет (ТПУ) Институт кибернетики (ИК) Кафедра прикладной математики (ПМ)
Další autoři: Коваль Т. В. Тамара Васильевна, Девятков В. Н. Владимир Николаевич
Shrnutí:Заглавие с экрана
Представлено теоретическое и экспериментальное исследование потенциала сеточного электрода от-носительно плазмы при генерации разрядной плазмы в электронном источнике низкого давления с им-пульсным дуговым разрядом, при давлении в рабочей камере р=(0.02-0.05) Па (Ar), ускоряющем напряже-ния до Ub=10 кВ и использовании для транспортировки пучка продольного магнитного поля до Bz=0.1 Тл.Приведены результаты численных расчетов характеристик разрядной плазмы и получены зависимости по-тенциала плазмы от давления газа и тока разряда. Показана сильная зависимость потенциала сеточногоэлектрода от давления газа и, соответственно, концентрации разрядной плазмы. Получено качественноесовпадение численных расчетов с экспериментальными зависимостями.
Jazyk:ruština
Vydáno: 2015
Témata:
On-line přístup:http://ipms.bscnet.ru/conferenc/krnd_sem/2015pub.pdf#page=31
Médium: Elektronický zdroj Kapitola
KOHA link:https://koha.lib.tpu.ru/cgi-bin/koha/opac-detail.pl?biblionumber=648446

MARC

LEADER 00000naa0a2200000 4500
001 648446
005 20250905162008.0
035 |a (RuTPU)RU\TPU\network\13603 
090 |a 648446 
100 |a 20160520d2015 k y0rusy50 ca 
101 0 |a rus 
102 |a RU 
135 |a drcn ---uucaa 
181 0 |a i  
182 0 |a b 
200 1 |a Исследование потенциала сеточного электрода в электроднойсистеме электронного источника с плазменным катодом  |f Нгуен Бао Хынг, Т. В. Коваль, В. Н. Девятков 
203 |a Текст  |c электронный 
300 |a Заглавие с экрана 
320 |a [Библиогр.: 13 назв.] 
330 |a Представлено теоретическое и экспериментальное исследование потенциала сеточного электрода от-носительно плазмы при генерации разрядной плазмы в электронном источнике низкого давления с им-пульсным дуговым разрядом, при давлении в рабочей камере р=(0.02-0.05) Па (Ar), ускоряющем напряже-ния до Ub=10 кВ и использовании для транспортировки пучка продольного магнитного поля до Bz=0.1 Тл.Приведены результаты численных расчетов характеристик разрядной плазмы и получены зависимости по-тенциала плазмы от давления газа и тока разряда. Показана сильная зависимость потенциала сеточногоэлектрода от давления газа и, соответственно, концентрации разрядной плазмы. Получено качественноесовпадение численных расчетов с экспериментальными зависимостями. 
463 |t Плазменная эмиссионная электроника, ПЭЭ 2015  |o труды V международного Крейнделевского семинара, г. Улан-Удэ, 3–7 августа 2015 г.  |f под ред. А. П. Семенова  |v [С. 30-36]  |d 2015 
610 1 |a электронный ресурс 
610 1 |a труды учёных ТПУ 
610 1 |a плазменные катоды 
700 0 |a Нгуен Бао Хынг  |c вьетнамский специалист в области информатики и вычислительной техники  |c ассистент кафедры Томского политехнического университета  |3 (RuTPU)RU\TPU\pers\35432 
701 1 |a Коваль  |b Т. В.  |c математик, физик  |c профессор Томского политехнического университета, доктор физико-математических наук  |f 1953-  |g Тамара Васильевна  |3 (RuTPU)RU\TPU\pers\25463 
701 1 |a Девятков  |b В. Н.  |g Владимир Николаевич 
712 0 2 |a Национальный исследовательский Томский политехнический университет (ТПУ)  |b Институт кибернетики (ИК)  |b Кафедра прикладной математики (ПМ)  |3 (RuTPU)RU\TPU\col\18700 
801 1 |a RU  |b 63413507  |c 20141010 
801 2 |a RU  |b 63413507  |c 20160520  |g RCR 
856 4 |u http://ipms.bscnet.ru/conferenc/krnd_sem/2015pub.pdf#page=31 
942 |c BK